workshop on goals and indicators for monitoring and evaluation for water supply and sanitation (Record no. 542834)

000 -LEADER
fixed length control field 00397nam a22001217a 4500
082 ## - DEWEY DECIMAL CLASSIFICATION NUMBER
Classification number 363.72
Author Mark WOR
-- D
245 ## - TITLE STATEMENT
Title workshop on goals and indicators for monitoring and evaluation for water supply and sanitation
260 ## - PUBLICATION, DISTRIBUTION, ETC.
Place of publication, distribution, etc. switzerland
Name of publisher, distributor, etc. geneva
Date of publication, distribution, etc. june 25-29, 1990
300 ## - PHYSICAL DESCRIPTION
Extent p.48. :
Other physical details ill. ;
Dimensions 24 cm
526 ## - STUDY PROGRAM INFORMATION NOTE
Program name 0
Interest level 0
Reading level 0
Title point value 363_720000000000000_WOR
650 ## - SUBJECT ADDED ENTRY--TOPICAL TERM
Topical term or geographic name entry element MCE (D)
9 (RLIN) 38191
942 ## - ADDED ENTRY ELEMENTS (KOHA)
Source of classification or shelving scheme
Koha item type Book
Holdings
Withdrawn status Lost status Source of classification or shelving scheme Damaged status Not for loan Permanent Location Current Location Date acquired Total Checkouts Full call number Barcode Date last seen Price effective from Koha item type
          Military College of Engineering (MCE) Military College of Engineering (MCE) 02/19/2014   363.72 WOR MCE-42418A 02/19/2014 03/14/2021 Book
© 2023 Central Library, National University of Sciences and Technology. All Rights Reserved.